[Event "Cappelle-la-Grande 2014"]
[Site "Cappelle-la-Grande (FRA)"]
[Date "????.??.??"]
[Round "4.54"]
[White "Deketelaere, Francky"]
[Black "Kohlweyer, Bernd"]
[Result "0-1"]
[WhiteElo "1802"]
[BlackElo "2416"]
[PlyCount "82"]

1. d4 Nf6 2. Nf3 e6 3. e3 b6 4. Bd3 Bb7 5. Nbd2 c5 6. c3 Nc6 7. O-O Qc7 8. dxc5
Bxc5 9. e4 Be7 10. Qe2 d6 11. h3 a6 12. Rd1 Nd7 13. Nf1 h6 14. Bf4 g5 15. Bg3
Nc5 16. Bc2 O-O-O 17. b4 Nd7 18. Bd3 Ndb8 19. a4 h5 20. h4 gxh4 21. Nxh4 Ne5
22. Bxe5 dxe5 23. Nf3 Rd6 24. Ne3 Rc6 25. Nc4 Nd7 26. Nfd2 Kb8 27. Nb1 Qc8 28.
Nca3 Rc7 29. Qe3 Qg8 30. f3 Qc8 31. a5 bxa5 32. Kf1 axb4 33. cxb4 Bxb4 34. Qe2
Nc5 35. Qb2 Nxd3 36. Rxd3 Rc1+ 37. Ke2 Qc5 38. Nd2 Rxa1 39. Qxa1 Rg8 40. Kf1
Ka8 41. Nac4 a5 0-1

[Event "Cappelle-la-Grande 2014"]
[Site "Cappelle-la-Grande (FRA)"]
[Date "????.??.??"]
[Round "4.55"]
[White "Mony, Maxime"]
[Black "Piscopo, Pierluigi"]
[Result "0-1"]
[WhiteElo "1609"]
[BlackElo "2407"]
[PlyCount "62"]

1. d4 Nf6 2. c4 c5 3. d5 e6 4. Nc3 exd5 5. Nxd5 Nxd5 6. Qxd5 Nc6 7. Nf3 Be7 8.
Ne5 O-O 9. Bd2 Nd4 10. Rc1 d6 11. Nd3 Rb8 12. e3 Be6 13. Qh5 Nc6 14. Nf4 Bf6
15. Bd3 g6 16. Nxe6 fxe6 17. Qg4 Qe7 18. Bc3 a6 19. h4 b5 20. cxb5 axb5 21. h5
Bxc3+ 22. Rxc3 Ne5 23. Qe2 g5 24. Bxb5 Qb7 25. f4 gxf4 26. exf4 Rxf4 27. Rg3+
Kh8 28. a4 Re4 29. Re3 Rxe3 30. Qxe3 Qxg2 31. Rg1 Nf3+ 0-1

[Event "Cappelle-la-Grande 2014"]
[Site "Cappelle-la-Grande (FRA)"]
[Date "????.??.??"]
[Round "4.56"]
[White "Kukov, Velislav"]
[Black "Tuerlinckx, Ben"]
[Result "1-0"]
[WhiteElo "2399"]
[BlackElo "2023"]
[PlyCount "57"]

1. d4 d5 2. Bf4 Nf6 3. e3 c5 4. c3 Nc6 5. Nf3 Bf5 6. Qb3 Qb6 7. dxc5 Qxb3 8.
axb3 Nd7 9. b4 e5 10. Bg3 f6 11. Nbd2 g5 12. b5 Nd8 13. b4 h5 14. h4 g4 15. Ng1
Ne6 16. Ne2 Bh6 17. Nc1 d4 18. Nc4 O-O 19. Nd6 Bg6 20. Bc4 Bf7 21. Nxf7 Kxf7
22. cxd4 exd4 23. exd4 f5 24. Bd6 Rfe8 25. O-O Kf6 26. Nb3 Nf4 27. Rfe1 Re4 28.
Rxe4 fxe4 29. b6 1-0

[Event "Cappelle-la-Grande 2014"]
[Site "Cappelle-la-Grande (FRA)"]
[Date "????.??.??"]
[Round "4.57"]
[White "Yagupov, Igor"]
[Black "Truwant, Pieter"]
[Result "1-0"]
[WhiteElo "2393"]
[BlackElo "1965"]
[PlyCount "63"]

1. e4 d6 2. d4 Nf6 3. Nc3 g6 4. Be3 c6 5. Qd2 Bg7 6. h3 b5 7. Bd3 O-O 8. Nf3
Nbd7 9. O-O a6 10. a4 Bb7 11. e5 Ne8 12. Bh6 dxe5 13. Bxg7 Kxg7 14. dxe5 Nc7
15. Rad1 b4 16. Ne4 c5 17. Rfe1 Bc6 18. b3 Qc8 19. Bc4 Nb6 20. Bf1 Ne6 21. Nfg5
Nd5 22. Nxe6+ fxe6 23. g3 Bb7 24. Bg2 a5 25. h4 h6 26. f4 Qc7 27. Qe2 Ba6 28.
Qg4 Rf5 29. h5 Rxh5 30. Qxe6 Nb6 31. Nf6 exf6 32. exf6+ 1-0

[Event "Cappelle-la-Grande 2014"]
[Site "Cappelle-la-Grande (FRA)"]
[Date "????.??.??"]
[Round "4.58"]
[White "Dgebuadze, Alexandre"]
[Black "Bourgois, Bastien"]
[Result "1/2-1/2"]
[WhiteElo "2521"]
[BlackElo "2064"]
[PlyCount "73"]

1. d4 d5 2. Nf3 Nc6 3. c3 Nf6 4. Bf4 Nh5 5. Be3 Qd6 6. g3 e5 7. dxe5 Nxe5 8.
Nxe5 Qxe5 9. Bg2 c6 10. Bd4 Qe6 11. e4 Nf6 12. Bxf6 gxf6 13. O-O dxe4 14. Bxe4
Bd7 15. Re1 O-O-O 16. Nd2 f5 17. Bg2 Qf6 18. Qa4 Kb8 19. Nc4 b5 20. Qb3 Be6 21.
Rxe6 Qxe6 22. Na5 Qxb3 23. Nxc6+ Kc7 24. axb3 Rd2 25. b4 Kb6 26. Nxa7 Bg7 27.
Nc6 Re8 28. c4 bxc4 29. Na5 Rc8 30. Rc1 Kb5 31. Nxc4 Kxb4 32. b3 Bd4 33. Rf1
Ra2 34. Bf3 Rd8 35. Bd1 Bxf2+ 36. Kh1 Ba7 37. Bh5 1/2-1/2

[Event "Cappelle-la-Grande 2014"]
[Site "Cappelle-la-Grande (FRA)"]
[Date "????.??.??"]
[Round "4.59"]
[White "Stojanovic, Dalibor"]
[Black "Hawia, Thierry"]
[Result "1-0"]
[WhiteElo "2501"]
[BlackElo "2064"]
[PlyCount "73"]

1. e4 e5 2. Nf3 Nc6 3. Bb5 f5 4. Bxc6 dxc6 5. Nc3 Bd6 6. d4 fxe4 7. Nxe4 exd4
8. Qxd4 Nf6 9. Bg5 O-O 10. Nxf6+ gxf6 11. Be3 Qe7 12. O-O-O Be6 13. Rhe1 Qf7
14. Bf4 Rfd8 15. Bxd6 Rxd6 16. Qf4 Rad8 17. Rxd6 Rxd6 18. Nd2 Rd5 19. Re3 Rf5
20. Rg3+ Kh8 21. Qd4 Qd7 22. Qxa7 Bg8 23. b3 Re5 24. Nf3 Re2 25. Qb8 Qf7 26.
Qxb7 Qe7 27. Qa8 Qe6 28. Qf8 Qf7 29. Qc5 Qd5 30. Qc3 Qd6 31. Kb2 Rxf2 32. a4 c5
33. Qe3 Rf1 34. Qe8 Qd5 35. Qf8 Qf7 36. Qxc5 Qd7 37. Rxg8+ 1-0

[Event "Cappelle-la-Grande 2014"]
[Site "Cappelle-la-Grande (FRA)"]
[Date "????.??.??"]
[Round "4.60"]
[White "Milchev, Nikolay"]
[Black "Hoffmann, Roger"]
[Result "1-0"]
[WhiteElo "2469"]
[BlackElo "2062"]
[PlyCount "83"]

1. Nf3 Nf6 2. c4 c5 3. Nc3 Nc6 4. g3 g6 5. Bg2 Bg7 6. O-O O-O 7. d4 d6 8. d5
Nb8 9. h3 Na6 10. e4 e5 11. dxe6 Bxe6 12. Qe2 Nc7 13. Rd1 Qe7 14. Bf4 Rfd8 15.
g4 h5 16. g5 Nfe8 17. Rd2 Rab8 18. Nd5 Bxd5 19. cxd5 b5 20. Rad1 b4 21. e5 Nb5
22. Qe3 dxe5 23. Nxe5 Bxe5 24. Bxe5 Nbd6 25. Qf4 Rb6 26. b3 Qd7 27. Rc1 Rb5 28.
Rdc2 Rc8 29. Kh2 Nf5 30. d6 Neg7 31. Be4 Qe6 32. Rc4 Ra5 33. R1c2 Qd7 34. Qd2
Rb5 35. Qd5 Ne6 36. Bxf5 gxf5 37. Bf6 Rc6 38. Be7 Rbb6 39. Rd2 Nf8 40. Rf4 Ne6
41. Rxf5 c4 42. g6 1-0

[Event "Cappelle-la-Grande 2014"]
[Site "Cappelle-la-Grande (FRA)"]
[Date "????.??.??"]
[Round "4.61"]
[White "Nestorovic, Nikola"]
[Black "Bauwe, Pascal"]
[Result "1-0"]
[WhiteElo "2434"]
[BlackElo "2059"]
[PlyCount "59"]

1. e4 e6 2. d4 d5 3. Nc3 Nf6 4. Bg5 Bb4 5. e5 h6 6. Bc1 Ne4 7. Nge2 c5 8. a3
Ba5 9. dxc5 Nxc3 10. Nxc3 Bxc3+ 11. bxc3 Qc7 12. Qd4 O-O 13. f4 Nc6 14. Qd3 Bd7
15. Be2 f6 16. exf6 Rxf6 17. O-O Be8 18. Be3 Na5 19. f5 Bc6 20. fxe6 Rxe6 21.
Bg4 Re4 22. Bf3 Re7 23. Bxd5+ Bxd5 24. Qxd5+ Kh8 25. Bd4 Rae8 26. Qd6 Qc6 27.
Qg3 Qe4 28. Qh3 Kg8 29. Qf5 Nc4 30. a4 1-0

[Event "Cappelle-la-Grande 2014"]
[Site "Cappelle-la-Grande (FRA)"]
[Date "????.??.??"]
[Round "4.62"]
[White "Monroy, Charles"]
[Black "Feryn, Benjamin"]
[Result "1-0"]
[WhiteElo "2431"]
[BlackElo "2055"]
[PlyCount "79"]

1. c4 Nf6 2. Nc3 g6 3. e4 d6 4. d4 Bg7 5. Nf3 O-O 6. h3 e5 7. d5 c6 8. Bg5 h6
9. Be3 cxd5 10. cxd5 Nbd7 11. Nd2 a6 12. a4 Ne8 13. g4 Qh4 14. Rg1 Kh8 15. a5
Qe7 16. Be2 Ndf6 17. Nc4 Ng8 18. Nb6 Rb8 19. Rc1 Nef6 20. Qb3 Nd7 21. Nca4 Nxb6
22. Nxb6 Nf6 23. Qb4 Nh7 24. Nc4 Rd8 25. Bb6 Rd7 26. Ba7 Ra8 27. Nb6 Rxa7 28.
Rxc8+ Rd8 29. Rg3 Bf6 30. Rgc3 Qf8 31. Qa4 Kg7 32. Rxd8 Bxd8 33. Rc8 Qe7 34.
Qc4 Nf6 35. Qa4 Ne8 36. b4 Nf6 37. Bd3 g5 38. Bc2 Kh7 39. Qb3 Nd7 40. Qe3 1-0

[Event "Cappelle-la-Grande 2014"]
[Site "Cappelle-la-Grande (FRA)"]
[Date "????.??.??"]
[Round "4.63"]
[White "Alquist, Erik"]
[Black "Roser, Kevin"]
[Result "0-1"]
[WhiteElo "2054"]
[BlackElo "2422"]
[PlyCount "64"]

1. e4 c5 2. Nf3 Nc6 3. d4 cxd4 4. Nxd4 Nf6 5. Nc3 d6 6. Bg5 e6 7. Qd2 a6 8.
O-O-O Be7 9. f3 h6 10. Be3 Nxd4 11. Bxd4 b5 12. Kb1 Rb8 13. Qf2 Qa5 14. g4 b4
15. Ne2 e5 16. Ba7 Rb7 17. Nc1 Be6 18. h4 d5 19. Nb3 Qc7 20. Bc5 dxe4 21. Bxe7
Kxe7 22. Nc5 Qb6 23. g5 hxg5 24. Bxa6 Rc7 25. hxg5 Rxh1 26. gxf6+ gxf6 27. Rxh1
Rxc5 28. fxe4 Bxa2+ 29. Kc1 b3 30. Kd1 Qd6+ 31. Qd2 bxc2+ 32. Kc1 Qxa6 0-1

[Event "Cappelle-la-Grande 2014"]
[Site "Cappelle-la-Grande (FRA)"]
[Date "????.??.??"]
[Round "4.64"]
[White "Bykhovsky, Avigdor"]
[Black "Burille, Matthieu"]
[Result "0-1"]
[WhiteElo "2421"]
[BlackElo "2051"]
[PlyCount "78"]

1. d4 Nf6 2. c4 e6 3. Nf3 Bb4+ 4. Bd2 Qe7 5. Nc3 d6 6. g3 O-O 7. Bg2 e5 8. O-O
Re8 9. a3 Bxc3 10. Bxc3 Nbd7 11. e3 e4 12. Nd2 Nf8 13. d5 Bf5 14. b4 N8d7 15.
Qc2 h5 16. Qb2 h4 17. a4 Ng4 18. h3 Nge5 19. Bxe5 Nxe5 20. g4 Bg6 21. Qd4 Nd3
22. Rab1 a5 23. bxa5 Rxa5 24. Rxb7 Rxa4 25. Ra1 Qd7 26. Ra7 Rxa1+ 27. Qxa1 f5
28. Qd1 Rf8 29. f4 exf3 30. Nxf3 fxg4 31. Nxh4 Qe7 32. Qxg4 Qxe3+ 33. Kh2 Ne5
34. Qg3 Qxa7 35. Nxg6 Nxg6 36. Qxg6 Qd4 37. Qe6+ Kh8 38. Qe7 Qf4+ 39. Kh1 Ra8
0-1

[Event "Cappelle-la-Grande 2014"]
[Site "Cappelle-la-Grande (FRA)"]
[Date "????.??.??"]
[Round "4.65"]
[White "Skytte, Rasmus"]
[Black "De Seroux, Camille"]
[Result "0-1"]
[WhiteElo "2418"]
[BlackElo "2038"]
[PlyCount "94"]

1. d4 Nf6 2. c4 g6 3. Nc3 Bg7 4. e4 d6 5. Be2 O-O 6. Bg5 c5 7. d5 e6 8. dxe6
Bxe6 9. Qd2 Nc6 10. Nf3 Bg4 11. O-O Bxf3 12. Bxf3 Nd4 13. Bd1 Qa5 14. Rc1 Rfe8
15. f3 a6 16. Qf2 b5 17. a3 bxc4 18. Be2 Nxe2+ 19. Qxe2 Rab8 20. Rc2 Nd7 21.
Qxc4 Bd4+ 22. Kh1 Nb6 23. Qd3 Be5 24. f4 Bg7 25. f5 gxf5 26. exf5 Be5 27. Ne4
c4 28. Qd1 Nd5 29. Rd2 Rb5 30. Qh5 c3 31. Rxd5 Rxd5 32. Nf6+ Bxf6 33. Bxf6 Re4
34. Bxc3 Qb5 35. Qg5+ Kf8 36. Qg7+ Ke8 37. Qg8+ Kd7 38. Rg1 Rxf5 39. Qxh7 Qd5
40. Qh3 Qe6 41. Qh8 Qd5 42. Qb8 Qc6 43. h3 Re2 44. Qg8 Qe4 45. Qb8 Rh5 46. Kh2
Qf4+ 47. Kh1 Rxh3+ 0-1

[Event "Cappelle-la-Grande 2014"]
[Site "Cappelle-la-Grande (FRA)"]
[Date "????.??.??"]
[Round "4.66"]
[White "Couche, Didier"]
[Black "Terrieux, Kevin"]
[Result "0-1"]
[WhiteElo "2051"]
[BlackElo "2418"]
[PlyCount "74"]

1. d4 Nf6 2. c4 c5 3. d5 b5 4. cxb5 a6 5. b6 e6 6. Nc3 Nxd5 7. Nxd5 exd5 8.
Qxd5 Nc6 9. Bg5 Qxb6 10. Qe4+ Be7 11. Bxe7 Nxe7 12. Qxa8 d5 13. O-O-O O-O 14.
e3 Bb7 15. Qxf8+ Kxf8 16. Nf3 Nc6 17. Bd3 Bc8 18. h3 Be6 19. a3 Na5 20. Nd2 Nb7
21. Bc2 Nd6 22. Rhe1 g6 23. Bd3 c4 24. Bc2 Nb5 25. Nb1 d4 26. exd4 Nxd4 27.
Rxd4 Qxd4 28. Re2 Qf4+ 29. Kd1 Qh2 30. f3 h5 31. Nc3 h4 32. Be4 Kg7 33. Rd2 g5
34. Bd5 Bf5 35. Be4 Bxh3 36. gxh3 Qxh3 37. Nd5 f5 0-1

[Event "Cappelle-la-Grande 2014"]
[Site "Cappelle-la-Grande (FRA)"]
[Date "????.??.??"]
[Round "4.67"]
[White "Kanmazalp, Ogulcan"]
[Black "Maupin, Valerie"]
[Result "1-0"]
[WhiteElo "2416"]
[BlackElo "2034"]
[PlyCount "81"]

1. e4 c5 2. Nf3 e6 3. d4 cxd4 4. Nxd4 Nf6 5. Nc3 Nc6 6. Ndb5 Bb4 7. a3 Bxc3+ 8.
Nxc3 d5 9. exd5 exd5 10. Bd3 O-O 11. O-O h6 12. Re1 d4 13. Ne2 Re8 14. b4 a6
15. Bb2 Bg4 16. f3 Bc8 17. Qd2 Qd5 18. Kh1 Rd8 19. Rad1 Kf8 20. Qc1 Qg5 21.
Qxg5 hxg5 22. h3 Be6 23. Bc1 a5 24. b5 Ne5 25. Nxd4 Nxd3 26. Nxe6+ fxe6 27.
Rxd3 Rxd3 28. cxd3 Kf7 29. Bxg5 Rd8 30. Rc1 Rxd3 31. Rc7+ Kg6 32. h4 Nd5 33.
Rxb7 Rxa3 34. f4 Rb3 35. g4 Nf6 36. h5+ Nxh5 37. gxh5+ Kxh5 38. Rxg7 Rxb5 39.
Bf6 a4 40. Kg2 a3 41. Kf3 1-0

[Event "Cappelle-la-Grande 2014"]
[Site "Cappelle-la-Grande (FRA)"]
[Date "????.??.??"]
[Round "4.68"]
[White "Roeder, Matthias"]
[Black "Caderon, Michel"]
[Result "1-0"]
[WhiteElo "2416"]
[BlackElo "2030"]
[PlyCount "39"]

1. Nf3 Nf6 2. c4 g6 3. Nc3 Bg7 4. e4 d6 5. d4 O-O 6. h3 c5 7. d5 e6 8. Bd3 exd5
9. exd5 Re8+ 10. Be3 Nh5 11. O-O Nd7 12. Bg5 Qb6 13. Qd2 Ne5 14. Be2 Nxf3+ 15.
Bxf3 h6 16. Bxh6 Bxh6 17. Qxh6 Qxb2 18. Nb5 Rd8 19. Bxh5 gxh5 20. Qg5+ 1-0

[Event "Cappelle-la-Grande 2014"]
[Site "Cappelle-la-Grande (FRA)"]
[Date "????.??.??"]
[Round "4.69"]
[White "Le Montagner, Yoann"]
[Black "Mateo, Ramon"]
[Result "0-1"]
[WhiteElo "2050"]
[BlackElo "2413"]
[PlyCount "64"]

1. e4 c6 2. d4 d5 3. exd5 cxd5 4. c4 Nf6 5. Nc3 Nc6 6. Nf3 Be6 7. Bg5 h6 8.
Bxf6 exf6 9. Be2 Be7 10. O-O O-O 11. Re1 Bb4 12. c5 Qa5 13. Rc1 Bxc3 14. Rxc3
Qxa2 15. Rb3 Rab8 16. Bd3 Bg4 17. Bb1 Qa5 18. Qd3 g6 19. Rb5 Qa4 20. b3 Qa6 21.
Nh4 Rfe8 22. Rf1 Ne7 23. Qg3 Qxb5 24. Qxg4 Kh7 25. Qg3 Qd7 26. f4 b6 27. b4
bxc5 28. bxc5 Rb4 29. Rc1 Rxd4 30. c6 Qc7 31. Qe1 Rc4 32. Rxc4 dxc4 0-1

[Event "Cappelle-la-Grande 2014"]
[Site "Cappelle-la-Grande (FRA)"]
[Date "????.??.??"]
[Round "4.70"]
[White "Berzinsh, Roland"]
[Black "Ladisic, Alex-Sacha"]
[Result "1-0"]
[WhiteElo "2408"]
[BlackElo "2017"]
[PlyCount "85"]

1. e4 e5 2. Bc4 Nf6 3. d3 d6 4. Nf3 Be7 5. O-O O-O 6. Re1 Nc6 7. a4 Bg4 8. h3
Bh5 9. c3 h6 10. a5 a6 11. Nbd2 Nh7 12. Qb3 Qd7 13. Nh2 Nd8 14. Ndf1 Ne6 15.
Ng3 Bg6 16. Be3 Bg5 17. Nf3 Rfe8 18. Nxg5 hxg5 19. Bxe6 Qxe6 20. Qxb7 Qe7 21.
Qc6 Reb8 22. d4 f6 23. dxe5 fxe5 24. b4 Be8 25. Nf5 Qd8 26. Qc4+ Bf7 27. Qe2
Nf8 28. Qg4 Ne6 29. Bd2 Kh7 30. h4 g6 31. hxg5 gxf5 32. exf5 Nf8 33. Re3 Kg7
34. Rh3 Ng6 35. Qh5 Qh8 36. f6+ Kg8 37. Qg4 Kf8 38. Rxh8+ Nxh8 39. Qh3 Ng6 40.
Re1 Rd8 41. f4 Ke8 42. f5 Nf8 43. Qh8 1-0

[Event "Cappelle-la-Grande 2014"]
[Site "Cappelle-la-Grande (FRA)"]
[Date "????.??.??"]
[Round "4.71"]
[White "Sobry, Sebastien"]
[Black "Vassallo Barroche, Mauricio"]
[Result "0-1"]
[WhiteElo "2040"]
[BlackElo "2398"]
[PlyCount "62"]

1. e4 g6 2. d4 Bg7 3. Nc3 d6 4. Be3 a6 5. Qd2 Nd7 6. f3 b5 7. a4 b4 8. Nd1 Rb8
9. Bc4 e5 10. Ne2 Qe7 11. O-O Ngf6 12. c3 bxc3 13. Ndxc3 O-O 14. Rfc1 c6 15. a5
exd4 16. Nxd4 Ne5 17. Bf1 c5 18. Nc2 Rxb2 19. Rab1 Rxb1 20. Rxb1 Qe6 21. Rb6
Nc4 22. Bxc4 Qxc4 23. Na3 Qe6 24. Rxd6 Qb3 25. Bxc5 Nd7 26. Rxd7 Bxd7 27. Bxf8
Bxc3 28. Qxd7 Kxf8 29. Qd8+ Kg7 30. Qd6 Qb2 31. g4 Bd4+ 0-1

[Event "Cappelle-la-Grande 2014"]
[Site "Cappelle-la-Grande (FRA)"]
[Date "????.??.??"]
[Round "4.72"]
[White "Berg, Klaus"]
[Black "Dessenne, Francois"]
[Result "1-0"]
[WhiteElo "2389"]
[BlackElo "2013"]
[PlyCount "45"]

1. Nf3 Nf6 2. e3 d5 3. c4 e6 4. Nc3 c5 5. d4 Nc6 6. cxd5 Nxd5 7. Bd3 Be7 8. O-O
O-O 9. Nxd5 Qxd5 10. e4 Qh5 11. dxc5 Rd8 12. Qe2 e5 13. Bb5 Bxc5 14. Bxc6 bxc6
15. Be3 Bb6 16. Rac1 Be6 17. Bxb6 axb6 18. Rxc6 Rxa2 19. Rxb6 g5 20. h3 Rc8 21.
Qe3 g4 22. hxg4 Bxg4 23. Rh6 1-0

[Event "Cappelle-la-Grande 2014"]
[Site "Cappelle-la-Grande (FRA)"]
[Date "????.??.??"]
[Round "4.73"]
[White "Den Hartog, Marijn"]
[Black "Loiseau, Quentin"]
[Result "0-1"]
[WhiteElo "2034"]
[BlackElo "2388"]
[PlyCount "170"]

1. e4 e5 2. Nf3 Nc6 3. Bb5 a6 4. Ba4 Nf6 5. O-O b5 6. Bb3 Bb7 7. d3 Bd6 8. c3
O-O 9. Re1 h6 10. Nbd2 Re8 11. Nf1 Bf8 12. Ne3 Na5 13. Bc2 d5 14. b4 Nc6 15.
Nf5 a5 16. bxa5 Nxa5 17. exd5 Qxd5 18. a4 b4 19. Rb1 bxc3 20. Rb5 c5 21. Bb3
Nxb3 22. Rxb3 Bc6 23. Rxc3 Rxa4 24. Ne3 Qe6 25. Nc4 e4 26. Nfd2 Qf5 27. dxe4
Nxe4 28. Nxe4 Rxe4 29. Rxe4 Qxe4 30. Ne3 Qg6 31. Qc2 Qxc2 32. Rxc2 Ra1 33. f3
Ba4 34. Rc3 Bd6 35. Kf2 Ra2+ 36. Kg1 Ra1 37. Kf2 Bxh2 38. Rxc5 Ra2+ 39. Kf1 Bd6
40. Rc8+ Kh7 41. Kg1 Bg3 42. Nf1 Bf2+ 43. Kh2 Bb5 44. Nd2 Be1 45. Rd8 Rc2 46.
Nb3 Bc4 47. Bd2 Bh4 48. Na1 Ra2 49. Rd4 Bf1 50. Nb3 Bf6 51. Rb4 Rb2 52. Kg1 Be2
53. Be1 Be7 54. Rb7 Ba3 55. Bc3 Rb1+ 56. Kf2 Bc4 57. Na5 Rxb7 58. Nxb7 Bd5 59.
Na5 g5 60. Ke3 Bc5+ 61. Bd4 Bb4 62. Bb6 Kg6 63. Kd4 Ba8 64. Nc4 f6 65. Ke3 h5
66. Kf2 Bc3 67. g3 Bc6 68. Bc7 Bd4+ 69. Ne3 f5 70. Ke2 Bb5+ 71. Kd2 Bc5 72. Nc2
Bf2 73. Ne1 h4 74. gxh4 gxh4 75. Ng2 Kg5 76. Bd8+ Kh5 77. Bc7 h3 78. Ne3 Kg5
79. Bd8+ Kg6 80. Bc7 Bg1 81. Bd6 h2 82. Bxh2 Bxh2 83. Ke1 Bg3+ 84. Kd1 Kg5 85.
Nd5 Bc6 0-1

[Event "Cappelle-la-Grande 2014"]
[Site "Cappelle-la-Grande (FRA)"]
[Date "????.??.??"]
[Round "4.74"]
[White "Migot, Tangi"]
[Black "Gros, Patrick"]
[Result "1-0"]
[WhiteElo "2379"]
[BlackElo "2007"]
[PlyCount "46"]

1. e4 d6 2. d4 Nf6 3. Nc3 c6 4. f4 Qa5 5. e5 Ne4 6. Qf3 d5 7. Bd3 Nxc3 8. Bd2
e6 9. bxc3 Qc7 10. Nh3 c5 11. f5 Nc6 12. fxe6 Bxe6 13. Ng5 Be7 14. Nxe6 fxe6
15. Qg4 cxd4 16. cxd4 Rf8 17. Bxh7 Kd7 18. c3 Rf7 19. Bg6 Nxe5 20. dxe5 Qxe5+
21. Kd1 Rf2 22. Re1 Rxd2+ 23. Kxd2 Bg5+ 1-0

[Event "Cappelle-la-Grande 2014"]
[Site "Cappelle-la-Grande (FRA)"]
[Date "????.??.??"]
[Round "4.75"]
[White "Mannion, Stephen R"]
[Black "Vandervorst, Jean-Marc"]
[Result "1-0"]
[WhiteElo "2365"]
[BlackElo "2005"]
[PlyCount "51"]

1. e4 c5 2. Nf3 Nc6 3. d4 cxd4 4. Nxd4 e5 5. Nb5 d6 6. c4 Be7 7. N1c3 a6 8. Na3
f5 9. exf5 Bxf5 10. Bd3 Be6 11. Nc2 Nf6 12. Ne3 O-O 13. O-O Nd4 14. b3 Rc8 15.
Bb2 Qb6 16. Ne4 Nxe4 17. Bxe4 Nf5 18. Nd5 Qd8 19. Qd3 Kh8 20. Rad1 Bg5 21. Kh1
h6 22. f4 exf4 23. Nxf4 Bxf4 24. Rxf4 Qd7 25. Rdf1 Rce8 26. g4 1-0

[Event "Cappelle-la-Grande 2014"]
[Site "Cappelle-la-Grande (FRA)"]
[Date "????.??.??"]
[Round "4.76"]
[White "Louis, Corentin"]
[Black "Pogorelov, Ruslan"]
[Result "0-1"]
[WhiteElo "2030"]
[BlackElo "2364"]
[PlyCount "100"]

1. e4 c5 2. b3 b6 3. Bb2 Bb7 4. Nc3 Nc6 5. f4 d6 6. Nf3 e6 7. d4 cxd4 8. Nxd4
a6 9. Nxc6 Bxc6 10. Qd3 Nf6 11. O-O-O Qc7 12. Be2 Be7 13. Bf3 b5 14. e5 dxe5
15. fxe5 Nd7 16. Ne4 Bxe4 17. Qxe4 Rc8 18. Kb1 O-O 19. Qb7 Nc5 20. Qxc7 Rxc7
21. Rd4 Rd8 22. c3 f5 23. Rhd1 Rdc8 24. Be2 Kf7 25. Kc2 Ne4 26. c4 b4 27. Bf3
Nc5 28. a3 bxa3 29. Bxa3 a5 30. Bh5+ g6 31. Bf3 a4 32. b4 Nb3 33. c5 Nxd4+ 34.
Rxd4 Bf8 35. Rc4 Rb8 36. Rh4 h5 37. Be2 Bg7 38. b5 Bxe5 39. Rxa4 Bxh2 40. Bc4
Bg1 41. Ra6 Bxc5 42. Rxe6 Bd6 43. Rxd6+ Rxc4+ 44. Kb3 Rg4 45. b6 Rxg2 46. Kc4
h4 47. Rd7+ Ke6 48. Re7+ Kf6 49. b7 h3 50. Rh7 h2 0-1

[Event "Cappelle-la-Grande 2014"]
[Site "Cappelle-la-Grande (FRA)"]
[Date "????.??.??"]
[Round "4.77"]
[White "Haverkamp, Klaus"]
[Black "Nasuta, Grzegorz"]
[Result "0-1"]
[WhiteElo "2018"]
[BlackElo "2344"]
[PlyCount "80"]

1. e4 c5 2. Nf3 d6 3. d4 cxd4 4. Nxd4 Nf6 5. Nc3 a6 6. Bd3 g6 7. O-O Bg7 8. h3
O-O 9. Be3 Nc6 10. Qd2 Bd7 11. Rad1 Rc8 12. f4 b5 13. Nf3 Ne8 14. Nd5 Rb8 15.
f5 e6 16. fxg6 fxg6 17. Bg5 Qc8 18. Ne3 h6 19. Ng4 hxg5 20. Qxg5 Nf6 21. e5
dxe5 22. Qxg6 Ne7 23. Nxf6+ Rxf6 24. Qh7+ Kf8 25. Nh4 Nf5 26. Ng6+ Rxg6 27.
Qxg6 Kg8 28. Bxf5 exf5 29. Rd6 Be8 30. Qe6+ Qxe6 31. Rxe6 Bf7 32. Rxa6 e4 33.
c3 b4 34. Rxf5 bxc3 35. bxc3 e3 36. Ra7 e2 37. Re7 Rb1+ 38. Kf2 Rf1+ 39. Kxe2
Rxf5 40. g4 Ra5 0-1

[Event "Cappelle-la-Grande 2014"]
[Site "Cappelle-la-Grande (FRA)"]
[Date "????.??.??"]
[Round "4.78"]
[White "Asefi, Zaheeruddeen"]
[Black "Massoni, Michael"]
[Result "0-1"]
[WhiteElo "2017"]
[BlackElo "2341"]
[PlyCount "80"]

1. d4 Nf6 2. Nf3 g6 3. c4 Bg7 4. Nc3 d5 5. Bf4 O-O 6. e3 Be6 7. c5 c6 8. Bd3
Bg4 9. O-O Nh5 10. Bg5 h6 11. Bh4 Qe8 12. Be2 g5 13. h3 Bc8 14. Bg3 Nxg3 15.
fxg3 e5 16. Nxe5 Nd7 17. Nf3 Qxe3+ 18. Kh2 h5 19. h4 g4 20. Qd2 Qxd2 21. Nxd2
Bxd4 22. Rf5 Re8 23. Bd3 Nxc5 24. Rg5+ Kf8 25. Bc2 Be3 26. Rxh5 Bxd2 27. Rh8+
Ke7 28. Rxe8+ Kxe8 29. Ne2 Be6 30. Nf4 Bxf4 31. gxf4 f5 32. h5 d4 33. Rd1 Rd8
34. Bd3 Nxd3 35. Rxd3 Bc4 36. Rd2 d3 37. Kg3 Kf7 38. b3 Ba6 39. Kh4 Kf6 40. a4
Re8 0-1

[Event "Cappelle-la-Grande 2014"]
[Site "Cappelle-la-Grande (FRA)"]
[Date "????.??.??"]
[Round "4.79"]
[White "Mollema, Thomas"]
[Black "Kostiuk, Tatiana"]
[Result "0-1"]
[WhiteElo "2015"]
[BlackElo "2333"]
[PlyCount "106"]

1. e4 Nf6 2. e5 Nd5 3. d4 d6 4. exd6 exd6 5. Bc4 Nb6 6. Bd3 Nc6 7. c3 Be7 8.
Nf3 Bg4 9. Nbd2 Qd7 10. Nf1 O-O-O 11. Ne3 h5 12. h3 Be6 13. Qc2 Bf6 14. Bd2 g6
15. O-O-O d5 16. Ng1 Kb8 17. Ne2 Nc4 18. Bxc4 dxc4 19. Nf4 Bf5 20. Nxf5 Qxf5
21. Qxf5 gxf5 22. h4 Ne7 23. g3 c6 24. Rhe1 Rde8 25. Re2 Kc8 26. Rde1 Kd7 27.
Kc2 Reg8 28. Bc1 b5 29. Rd1 Nd5 30. Rde1 Nxf4 31. Bxf4 Re8 32. Rxe8 Rxe8 33.
Rxe8 Kxe8 34. Bd6 Kd7 35. Bc5 a6 36. f4 Ke6 37. Kd2 Bd8 38. Ke3 Kd5 39. a3 Bc7
40. a4 bxa4 41. Ba3 Bb6 42. Ke2 c5 43. dxc5 Bxc5 44. Kf3 Bb6 45. Bb4 Kc6 46.
Ke2 a3 47. Bxa3 Kb5 48. Kf3 Ka4 49. Ke2 Kb3 50. Kf3 Ba5 51. Ke3 Bxc3 52. bxc3
Kxa3 53. Kd4 Kb3 0-1

[Event "Cappelle-la-Grande 2014"]
[Site "Cappelle-la-Grande (FRA)"]
[Date "????.??.??"]
[Round "4.80"]
[White "Admiraal, Miguoel"]
[Black "Szostko, Jakub"]
[Result "1-0"]
[WhiteElo "2317"]
[BlackElo "1998"]
[PlyCount "75"]

1. Nf3 d5 2. d4 Nf6 3. c4 e6 4. cxd5 exd5 5. Bg5 Be7 6. Nc3 c6 7. Qc2 Nbd7 8.
e3 O-O 9. Bd3 Re8 10. O-O Nf8 11. Rab1 g6 12. b4 a6 13. a4 Bd6 14. b5 axb5 15.
axb5 Ne6 16. Bh4 Ng7 17. bxc6 bxc6 18. e4 Be7 19. Ne5 Bd7 20. Rb7 Qc8 21. Rfb1
Ra1 22. Qb2 Rxb1+ 23. Bxb1 Be6 24. Rxe7 Rxe7 25. Bxf6 Rb7 26. Qc1 Nh5 27. Bh4
c5 28. Nxd5 Bxd5 29. exd5 Nf4 30. Qe1 Ne2+ 31. Kh1 cxd4 32. g3 Qc3 33. Qxe2
Rxb1+ 34. Kg2 Re1 35. Qb5 Qc7 36. Nf3 Rd1 37. Qe8+ Kg7 38. Be7 1-0

[Event "Cappelle-la-Grande 2014"]
[Site "Cappelle-la-Grande (FRA)"]
[Date "????.??.??"]
[Round "4.81"]
[White "Fuchs, Judith"]
[Black "Da Ces, Philippe"]
[Result "1-0"]
[WhiteElo "2315"]
[BlackElo "1972"]
[PlyCount "105"]

1. e4 d5 2. exd5 Qxd5 3. Nc3 Qa5 4. d4 Nf6 5. Bc4 Bg4 6. f3 Bf5 7. g4 Bg6 8.
Bd2 Qb6 9. Nge2 e6 10. h4 h6 11. Nf4 Nc6 12. Bb5 O-O-O 13. Bxc6 Qxc6 14. Nxg6
fxg6 15. Qe2 a6 16. O-O-O Bb4 17. a3 Ba5 18. Rhe1 Rhe8 19. Ne4 Bxd2+ 20. Rxd2
e5 21. Nxf6 gxf6 22. dxe5 Rxd2 23. Qxd2 Rxe5 24. Rd1 Kb8 25. Qxh6 Qxf3 26. Qxg6
Re4 27. g5 Rxh4 28. Qxf6 Qxf6 29. gxf6 Rf4 30. Rd8+ Ka7 31. Rf8 Rf2 32. Kd1 Kb6
33. Ke1 Rf5 34. Ke2 Kc6 35. Kd3 Kd6 36. f7 Kc6 37. Ke4 Rf1 38. Ke5 Re1+ 39. Kf6
Rf1+ 40. Ke7 Re1+ 41. Kd8 Rf1 42. Kc8 b6 43. Kb8 a5 44. a4 Rf2 45. b3 Rf3 46.
Ka7 Rf2 47. c3 Rf3 48. b4 axb4 49. cxb4 Rf5 50. Ka6 Rf6 51. b5+ Kc5 52. Kb7 Rf2
53. Kxc7 1-0

[Event "Cappelle-la-Grande 2014"]
[Site "Cappelle-la-Grande (FRA)"]
[Date "????.??.??"]
[Round "4.82"]
[White "Munschi, Serge"]
[Black "Iraqui, Youssef"]
[Result "1/2-1/2"]
[WhiteElo "2309"]
[BlackElo "1968"]
[PlyCount "47"]

1. d4 Nf6 2. c4 g6 3. Nc3 Bg7 4. e4 d6 5. h3 O-O 6. Bg5 c5 7. d5 e6 8. Bd3 exd5
9. cxd5 Re8 10. Nf3 Nbd7 11. O-O a6 12. a4 Qc7 13. Re1 c4 14. Bc2 Rb8 15. Be3
Nc5 16. Bd4 b5 17. axb5 axb5 18. e5 Nfd7 19. exd6 Rxe1+ 20. Qxe1 Qxd6 21. Bxg7
Kxg7 22. Rd1 Nf6 23. Ng5 Bd7 24. Nce4 1/2-1/2